<?xml version="1.0" encoding="UTF-8"?>
<record
    xmlns:xsi="http://www.w3.org/2001/XMLSchema-instance"
    xsi:schemaLocation="http://www.loc.gov/MARC21/slim http://www.loc.gov/standards/marcxml/schema/MARC21slim.xsd"
    xmlns="http://www.loc.gov/MARC21/slim">

  <leader>00672nam a22001937a 4500</leader>
  <datafield tag="999" ind1=" " ind2=" ">
    <subfield code="c">174427</subfield>
    <subfield code="d">174427</subfield>
  </datafield>
  <controlfield tag="005">20200615151208.0</controlfield>
  <datafield tag="010" ind1=" " ind2=" ">
    <subfield code="a">UR-10793</subfield>
  </datafield>
  <datafield tag="020" ind1=" " ind2=" ">
    <subfield code="c">54.00</subfield>
    <subfield code="a">-</subfield>
  </datafield>
  <datafield tag="035" ind1=" " ind2=" ">
    <subfield code="a">U-9348</subfield>
  </datafield>
  <datafield tag="037" ind1=" " ind2=" ">
    <subfield code="b">DBAD/PUB</subfield>
  </datafield>
  <datafield tag="082" ind1=" " ind2=" ">
    <subfield code="a">270</subfield>
  </datafield>
  <datafield tag="100" ind1=" " ind2=" ">
    <subfield code="a">&#x639;&#x644;&#x627; &#x645;&#x6C1; &#x64A;&#x648; &#x633;&#x641; &#x627; &#x644;&#x642;&#x631; &#x636;&#x627; &#x648; &#x6CC; </subfield>
  </datafield>
  <datafield tag="245" ind1=" " ind2=" ">
    <subfield code="a">&#x648; &#x642;&#x62A; &#x6A9;&#x6CC; &#x627; &#x6C1;&#x645;&#x64A;&#x62A;  </subfield>
    <subfield code="c">&#x639;&#x644;&#x627; &#x645;&#x6C1; &#x64A;&#x648; &#x633;&#x641; &#x627; &#x644;&#x642;&#x631; &#x636;&#x627; &#x648; &#x6CC; </subfield>
  </datafield>
  <datafield tag="246" ind1=" " ind2=" ">
    <subfield code="b">Waqt KiAhmmiyat (Urdu)</subfield>
    <subfield code="a">by Allama Yusuf Ali </subfield>
  </datafield>
  <datafield tag="260" ind1=" " ind2=" ">
    <subfield code="a">N.Delhi</subfield>
    <subfield code="b">Markazi Maktaba Islami Publishers</subfield>
    <subfield code="c">2015 &#x621;</subfield>
  </datafield>
  <datafield tag="270" ind1=" " ind2=" ">
    <subfield code="a">D-307,Dawat Nagar Abulfazal Enclave Jamia Nagar,</subfield>
    <subfield code="b">N.Delhi</subfield>
    <subfield code="e">110025</subfield>
    <subfield code="k">26981652</subfield>
    <subfield code="l">-</subfield>
  </datafield>
  <datafield tag="300" ind1=" " ind2=" ">
    <subfield code="a">120 &#x635; </subfield>
    <subfield code="c">22 Cm(Hb)</subfield>
  </datafield>
  <datafield tag="942" ind1=" " ind2=" ">
    <subfield code="2">ddc</subfield>
    <subfield code="c">UR</subfield>
    <subfield code="h">270</subfield>
    <subfield code="m">&#x6CC; &#x648; &#x633; </subfield>
  </datafield>
  <datafield tag="952" ind1=" " ind2=" ">
    <subfield code="0">0</subfield>
    <subfield code="1">0</subfield>
    <subfield code="4">0</subfield>
    <subfield code="7">0</subfield>
    <subfield code="8">NFIC</subfield>
    <subfield code="a">DBAD</subfield>
    <subfield code="b">DBAD</subfield>
    <subfield code="d">2020-06-15</subfield>
    <subfield code="e">DBAD/PUB</subfield>
    <subfield code="g">54.00</subfield>
    <subfield code="l">0</subfield>
    <subfield code="o">270 &#x6CC; &#x648; &#x633;</subfield>
    <subfield code="p">U-9348</subfield>
    <subfield code="r">2020-06-15 00:00:00</subfield>
    <subfield code="t">1</subfield>
    <subfield code="v">54.00</subfield>
    <subfield code="w">2020-06-15</subfield>
    <subfield code="y">UR</subfield>
  </datafield>
</record>
